banner-ar

قصص هندية \ الشيخ الهندى - الاميرة القاسية - شبكة الموت - صراع الاخوين - الوزير السجين - خاتم الذكرى - فى غابة الشياطين / (Record no. 58404)

MARC details
000 -الفاتح
حقل البيانات ثابتة الطول 00825nam a2200217Ia 4500
008 - عناصر البيانات ثابتة الطول - معلومات عامة
حقل البيانات ثابتة الطول 140319s9999 xx 000 0 ara d
040 ## - مصدر الفهرسة
وكالة الفهرسة الأصلية GCL /
وكالة النسخ GCL
082 04 - رقم تصنيف ديوى العشرى
رقم التصنيف ط
رقم المادة 819.03
-- ك ق
100 1# - المدخل الرئيسى - إسم شخصى
الإسم الشخصى كامل كيلانى
245 10 - بيان العنوان
العنوان قصص هندية \ الشيخ الهندى - الاميرة القاسية - شبكة الموت - صراع الاخوين - الوزير السجين - خاتم الذكرى - فى غابة الشياطين /
بيان المسئوليه,etc كامل كيلانى
260 ## - PUBLICATION, DISTRIBUTION, ETC. (IMPRINT)
تاريخ النشر أو التوزيع 1989
300 ## - الوصف المادى
التعداد متعدد ؛
أبعاد الوعاء 20 سم
490 ## - بيان السلسلة
عنوان السلسلة قصص هندية
رقم المجلد/ التعيين التسلسلي 0
650 04 - المدخل الاضافى بالموضوع-مصطلح موضوعى
مصطلح موضوعي الاطفال
650 04 - المدخل الاضافى بالموضوع-مصطلح موضوعى
مصطلح موضوعي قصص الاطفال
650 04 - المدخل الاضافى بالموضوع-مصطلح موضوعى
مصطلح موضوعي القصص الخرافية
650 04 - المدخل الاضافى بالموضوع-مصطلح موضوعى
مصطلح موضوعي الاساطير
650 04 - المدخل الاضافى بالموضوع-مصطلح موضوعى
مصطلح موضوعي الهند - قصص
942 ## - عناصر المدخل الإضافي( كوها)
مصدر التصنيف او مخطط الترفيف Dewey Decimal Classification
Koha [default] item type كتاب
260 ## - PUBLICATION, DISTRIBUTION, ETC. (IMPRINT)
-- القاهرة :
-- دار المعارف ،
Holdings
حالة التراجع حالة الفقد حالة تلف ليس للاعارة المكان المؤقت الموقع الحالى تاريخ الاكتساب اجمالي اﻻعارات رقم الطلب الباركود تاريخ اخر مشاهدة تاريخ تفعيل السعر نوع وعاء كوها
        مكتبة القاهرة الكبرى مكتبة القاهرة الكبرى 03/26/2014   ط\819.03\ك ق 151495 03/26/2014 03/26/2014 كتاب
        مكتبة القاهرة الكبرى مكتبة القاهرة الكبرى 03/26/2014   ط\819.03\ك ق 151496 03/26/2014 03/26/2014 كتاب
        مكتبة القاهرة الكبرى مكتبة القاهرة الكبرى 03/26/2014   ط\819.03\ك ق 151497 03/26/2014 03/26/2014 كتاب
        مكتبة القاهرة الكبرى مكتبة القاهرة الكبرى 03/26/2014   ط\819.03\ك ق 151498 03/26/2014 03/26/2014 كتاب
        مكتبة القاهرة الكبرى مكتبة القاهرة الكبرى 03/26/2014   ط\819.03\ك ق 151499 03/26/2014 03/26/2014 كتاب
        مكتبة القاهرة الكبرى مكتبة القاهرة الكبرى 03/26/2014   ط\819.03\ك ق 151500 03/26/2014 03/26/2014 كتاب
        مكتبة القاهرة الكبرى مكتبة القاهرة الكبرى 03/26/2014   ط\819.03\ك ق 151501 03/26/2014 03/26/2014 كتاب
        مكتبة القاهرة الكبرى مكتبة القاهرة الكبرى 03/26/2014   ط\819.03\ك ق 151502 03/26/2014 03/26/2014 كتاب
        مكتبة القاهرة الكبرى مكتبة القاهرة الكبرى 03/26/2014   ط\819.03\ك ق 151503 03/26/2014 03/26/2014 كتاب
        مكتبة القاهرة الكبرى مكتبة القاهرة الكبرى 03/26/2014   ط\819.03\ك ق 151504 03/26/2014 03/26/2014 كتاب
        مكتبة القاهرة الكبرى مكتبة القاهرة الكبرى 03/26/2014   ط\819.03\ك ق 151505 03/26/2014 03/26/2014 كتاب
        مكتبة القاهرة الكبرى مكتبة القاهرة الكبرى 03/26/2014   ط\819.03\ك ق 151506 03/26/2014 03/26/2014 كتاب
        مكتبة القاهرة الكبرى مكتبة القاهرة الكبرى 03/26/2014   ط\819.03\ك ق 151507 03/26/2014 03/26/2014 كتاب
        مكتبة القاهرة الكبرى مكتبة القاهرة الكبرى 03/26/2014   ط\819.03\ك ق 151508 03/26/2014 03/26/2014 كتاب
        مكتبة القاهرة الكبرى مكتبة القاهرة الكبرى 03/26/2014   ط\819.03\ك ق 151509 03/26/2014 03/26/2014 كتاب
        مكتبة القاهرة الكبرى مكتبة القاهرة الكبرى 03/26/2014   ط\819.03\ك ق 151510 03/26/2014 03/26/2014 كتاب
        مكتبة القاهرة الكبرى مكتبة القاهرة الكبرى 03/26/2014   ط\819.03\ك ق 151511 03/26/2014 03/26/2014 كتاب
        مكتبة القاهرة الكبرى مكتبة القاهرة الكبرى 03/26/2014   ط\819.03\ك ق 151512 03/26/2014 03/26/2014 كتاب
        مكتبة القاهرة الكبرى مكتبة القاهرة الكبرى 03/26/2014   ط\819.03\ك ق 151513 03/26/2014 03/26/2014 كتاب
        مكتبة القاهرة الكبرى مكتبة القاهرة الكبرى 03/26/2014   ط\819.03\ك ق 151514 03/26/2014 03/26/2014 كتاب
        مكتبة القاهرة الكبرى مكتبة القاهرة الكبرى 03/26/2014   ط\819.03\ك ق 151515 03/26/2014 03/26/2014 كتاب
        مكتبة القاهرة الكبرى مكتبة القاهرة الكبرى 03/26/2014   ط\819.03\ك ق 151516 03/26/2014 03/26/2014 كتاب
        مكتبة القاهرة الكبرى مكتبة القاهرة الكبرى 03/26/2014   ط\819.03\ك ق 151517 03/26/2014 03/26/2014 كتاب
        مكتبة القاهرة الكبرى مكتبة القاهرة الكبرى 03/26/2014   ط\819.03\ك ق 151518 03/26/2014 03/26/2014 كتاب
        مكتبة القاهرة الكبرى مكتبة القاهرة الكبرى 03/26/2014   ط\819.03\ك ق 151519 03/26/2014 03/26/2014 كتاب
        مكتبة القاهرة الكبرى مكتبة القاهرة الكبرى 03/26/2014   ط\819.03\ك ق 151520 03/26/2014 03/26/2014 كتاب
        مكتبة القاهرة الكبرى مكتبة القاهرة الكبرى 03/26/2014   ط\819.03\ك ق 151521 03/26/2014 03/26/2014 كتاب
        مكتبة القاهرة الكبرى مكتبة القاهرة الكبرى 03/26/2014   ط\819.03\ك ق 151522 03/26/2014 03/26/2014 كتاب
        مكتبة القاهرة الكبرى مكتبة القاهرة الكبرى 03/26/2014   ط\819.03\ك ق 151523 03/26/2014 03/26/2014 كتاب

Powered By

EGPV